000 00229nam a2200097Ia 4500
008 170619s9999 xx 000 0 und d
100 _aSedra / Smith
245 0 _aMicroelectronic Circuits
260 _bOxford Uni. Press
260 _c2004
546 _aENGLISH
999 _c17227
_d17227